00371nam a2200133Ia 4500008004100000020001500041041001200056100001700068245007100085260004000156300000800196650001500204700001800219221030s9999 xx 000 0 und d a9350514030 aEnglish aV. Kubendran 0aIndustrial Relations & Labour Lawscby V. Kubendran, K. Kodeeswari bHimalaya Pub HouseaNew Delhic2011 a282 aManagement aK. Kodeeswari